| 000 | 00669nam a2200241Ia 4500 | ||
|---|---|---|---|
| 008 | 171120s9999 xx 000 0 und d | ||
| 020 | _a9.7897195717e+012 | ||
| 050 | _a332 | ||
| 050 | _bC957 2013 | ||
| 100 | _aCruz, Efren Ll. | ||
| 245 | _aUsapang pera : mga dapat alamin = | ||
| 245 | _bA PDIC guidebook on basic banking & financial transactions / | ||
| 245 | _cby Efren Ll. Cruz. | ||
| 260 | _aPhilippines : | ||
| 260 | _bPhilippine Deposit Insurance Corporation, | ||
| 260 | _c2013 | ||
| 300 | _a165 pages : | ||
| 300 | _bsome color illustrations ; | ||
| 300 | _c22cm. | ||
| 650 | _aBanks and banking. | ||
| 650 | _aFinance. | ||
| 700 | _aTitle. | ||
| 999 |
_c345430 _d345430 |
||